No Name: Vydavateľ nevidel ani notu košická skupina pesničky navyše nerobí, vytvorí ich práve toľko, koľko sa na album zmestí

Bibliographic Details
Main Author: Kvasnička, Matúš, 1978- (Author)
Format: Article
Language:Slovak
ISSN:1335-4051
Subjects:

MARC

LEADER 00000nab a2200000 a 4500
001 vtls008304438
003 SK-MaSNL
005 20260303094534.0
008 051021c20051007xo ur| 0 0slo
038 |a RVGKPD 
040 |a RVGKPD  |b slo  |c RVGKPD  |e AACR2 
041 0 |a slo 
044 |a xo  |c SK 
080 |a 784.4  |2 UDC-MRF-SK2 
100 1 |a Kvasnička, Matúš,  |d 1978-  |4 aut  |9 134842 
245 1 0 |a No Name: Vydavateľ nevidel ani notu  |b košická skupina pesničky navyše nerobí, vytvorí ich práve toľko, koľko sa na album zmestí  |c Matúš Kvasnička 
610 2 7 |a No Name (hudobná skupina)  |2 rvgkpd  |9 30143 
651 7 |a Košice (Slovensko)  |2 rvgkpd  |9 18694 
773 0 |t Pravda  |g Roč. XV, č. 232 (7.10.2005), s. 22  |x 1335-4051 
852 |a RVGKPD  |b KIS3G 
992 |a RBX 
999 |c 1821114  |d 1823044